| 000 | 00727nam a2200217 u 4500 | ||
|---|---|---|---|
| 001 | 000002917 | ||
| 003 | DO-SdBNP | ||
| 005 | 20210802075942.0 | ||
| 008 | 090706s1947 dr ac r 000 0 spa d | ||
| 040 |
_aDO-SdBNP _bspa _cBNPHU |
||
| 049 | _aBNPD | ||
| 082 |
_a320.987 _bP424v |
||
| 100 | 1 |
_aPepper, José Vicente _99263 |
|
| 245 | 1 | 0 |
_aVenezuela dentro de la orbita sovietica / _cJosé Vicente Pepper, Graciela Rincón-Calcaño de Pepper. |
| 260 |
_aCuidad Trujillo : _bMontalvo, _c1947. |
||
| 300 |
_a176 p. : _bil., retr ; _c23 cm. |
||
| 500 | _aPublicado en Cuidad Trujillo actual Santo Domingo | ||
| 700 | 1 |
_aRincón-Calcaño de Pepper, Graciela _99264 |
|
| 910 | _aValidado. Control de calidad MFF | ||
| 942 |
_2ddc _cLBS1 |
||
| 999 |
_c2750 _d2750 |
||